[Event "Paleochora op 9th"]
[Site "Paleochora"]
[Date "2016.07.25"]
[Round "7"]
[White "Zografos, Achileas"]
[Black "Kourkoulos Arditis, Stamatis"]
[Result "0-1"]
[WhiteElo "2100"]
[BlackElo "2372"]
[PlyCount "104"]
[EventDate "2016.07.20"]
[EventType "swiss"]
[EventRounds "9"]
[EventCountry "GRE"]
[SourceTitle "EXT 2017"]
[Source "ChessBase"]
[SourceDate "2016.10.25"]
[SourceVersion "1"]
[SourceVersionDate "2016.10.25"]
[SourceQuality "1"]

1. c4 Nf6 2. Nc3 e6 3. e4 c5 4. e5 Ng8 5. Nf3 Nc6 6. d4 cxd4 7. Nxd4 Nxd4 8. Qxd4 Ne7 9. Bf4 Nc6 10. Qe3 Qa5 11. Be2 Bc5 12. Qg3 Bd4 13. 0-0 Bxe5 14. Bxe5 Qxe5 15. f4 Qc5+ 16. Kh1 0-0 17. Ne4 Qe7 18. Rae1 f5 19. Nc3 b6 20. Bf3 Bb7 21. Rf2 Rac8 22. Rd2 Na5 23. b3 Rfd8 24. Nb5 d5 25. Bxd5 Bxd5 26. Rxd5 Rxd5 27. cxd5 Qd7 28. Nd4 exd5 29. Qg5 g6 30. h3 Qg7 31. Re5 h6 32. Qh4 Nb7 33. Kh2 Nc5 34. Rxd5 Rf8 35. Re5 g5 36. Qg3 gxf4 37. Qxg7+ Kxg7 38. Rxf5 Rxf5 39. Nxf5+ Kf6 40. Nd6 a6 41. Kg1 b5 42. Kf2 Ke6 43. Ne8 b4 44. Kf3 Ke5 45. Ke2 h5 46. h4 Ne6 47. Kf2 Kf5 48. g3 fxg3+ 49. Kxg3 Nd4 50. Ng7+ Kg6 51. Ne8 Nb5 52. Kf4 Kf7 0-1

[Event "Isthmia op-A 2nd"]
[Site "Korinthos"]
[Date "2012.08.19"]
[Round "3"]
[White "Zografos, Achileas"]
[Black "Sethuraman, SP."]
[Result "1/2-1/2"]
[WhiteElo "2130"]
[BlackElo "2546"]
[PlyCount "119"]
[EventDate "2012.08.18"]
[EventType "swiss"]
[EventRounds "9"]
[EventCountry "GRE"]
[SourceTitle "CBM 150 Extra"]
[Source "ChessBase"]
[SourceDate "2012.10.19"]
[SourceVersion "1"]
[SourceVersionDate "2012.10.19"]
[SourceQuality "1"]

1. d4 Nf6 2. Nf3 d5 3. c4 e6 4. Nbd2 c5 5. cxd5 exd5 6. e3 Nc6 7. Bb5 Qb6 8. Qe2 Be7 9. 0-0 0-0 10. dxc5 Bxc5 11. Nb3 Bg4 12. Bd2 Ne4 13. Bxc6 bxc6 14. Ba5 Qb7 15. Nxc5 Nxc5 16. Qc2 Nd7 17. Nd4 c5 18. Nf5 Nf6 19. Bc3 d4 20. exd4 Qd7 21. Ne3 cxd4 22. Nxg4 Nxg4 23. h3 dxc3 24. hxg4 cxb2 25. Qxb2 Qxg4 26. Rad1 a5 27. Rd4 Qe6 28. a4 Qf6 29. Qd2 g6 30. Rd1 Rfe8 31. Rd5 Re5 32. Rb1 Qe6 33. Rbb5 Re1+ 34. Kh2 Qe7 35. Rd4 Re8 36. Qf4 Rf1 37. Rb8 Rxb8 38. Qxb8+ Kg7 39. Qf4 Re1 40. Rc4 Rd1 41. Rc7 Qe6 42. Rc5 Rd5 43. Rxd5 Qxd5 44. g3 h5 45. Kg1 g5 46. Qe3 Kg6 47. Kh2 Kf5 48. Qe2 Kg6 49. Qe3 Qf5 50. Qb6+ Kh7 51. Kg1 h4 52. gxh4 Qg4+ 53. Kf1 gxh4 54. Qxa5 h3 55. Qd5 Kh6 56. a5 Qg6 57. f4 f6 58. Qf3 Qb1+ 59. Kf2 Qf5 60. Kg1 1/2-1/2

[Event "Athens op 03-A"]
[Site "Athens"]
[Date "2012.03.20"]
[Round "3"]
[White "Zografos, Achileas"]
[Black "Gogolis, Alexandros"]
[Result "0-1"]
[WhiteElo "2124"]
[BlackElo "2245"]
[PlyCount "62"]
[EventDate "2012.03.06"]
[EventType "swiss"]
[EventRounds "7"]
[EventCountry "GRE"]
[SourceTitle "EXT 2014"]
[Source "ChessBase"]
[SourceDate "2013.11.20"]
[SourceVersion "1"]
[SourceVersionDate "2013.11.20"]
[SourceQuality "1"]

1. e4 c6 2. c4 e5 3. Nf3 d6 4. d4 Bg4 5. dxe5 Bxf3 6. gxf3 dxe5 7. Qxd8+ Kxd8 8. f4 f6 9. Bh3 Na6 10. Ke2 Kc7 11. Nc3 Bd6 12. fxe5 fxe5 13. Rg1 g6 14. Bg5 Rf8 15. Rad1 Nf6 16. Rd2 Bc5 17. Rf1 h6 18. Be3 Nh5 19. Rd7+ Kb8 20. Rfd1 Nf4+ 21. Bxf4 Rxf4 22. Rd8+ Rxd8 23. Rxd8+ Kc7 24. Rd7+ Kb6 25. f3 Rh4 26. Bg2 Rxh2 27. Kf1 Bd4 28. Nd1 Nc5 29. Rg7 Ne6 30. Rxg6 Nf4 31. Rg3 h5 0-1

[Event "Athens op 03-A"]
[Site "Athens"]
[Date "2012.03.13"]
[Round "2"]
[White "Sarakenidis, Nikolaos"]
[Black "Zografos, Achileas"]
[Result "0-1"]
[WhiteElo "1922"]
[BlackElo "2124"]
[PlyCount "82"]
[EventDate "2012.03.06"]
[EventType "swiss"]
[EventRounds "7"]
[EventCountry "GRE"]
[SourceTitle "EXT 2014"]
[Source "ChessBase"]
[SourceDate "2013.11.20"]
[SourceVersion "1"]
[SourceVersionDate "2013.11.20"]
[SourceQuality "1"]

1. d4 Nf6 2. c4 c5 3. d5 b5 4. cxb5 a6 5. f3 axb5 6. e4 Qa5+ 7. Bd2 b4 8. Na3 e6 9. Nc4 Qc7 10. Qe2 Ba6 11. Qe3 Be7 12. d6 Bxd6 13. Nxd6+ Qxd6 14. e5 Qb6 15. exf6 gxf6 16. Bxa6 Rxa6 17. Qh6 Ke7 18. Qg7 Qd8 19. g4 d5 20. g5 Nd7 21. h4 Qg8 22. Qxg8 Rxg8 23. gxf6+ Kxf6 24. Bg5+ Kf5 25. a4 f6 26. Bd2 Ne5 27. b3 Rg2 28. 0-0-0 Nd3+ 29. Kc2 Nf2 30. Nh3 Nxd1 31. Rxd1 Rh2 32. Nf4 Rxd2+ 33. Kxd2 Kxf4 34. Rg1 Kxf3 35. h5 e5 36. Rg7 c4 37. Kc2 f5 38. Rxh7 e4 39. h6 e3 40. Rf7 Rxh6 41. Rxf5+ Ke4 0-1

[Event "Athens op 03-A"]
[Site "Athens"]
[Date "2012.03.06"]
[Round "1"]
[White "Zografos, Achileas"]
[Black "Prevenios, Mihail"]
[Result "1/2-1/2"]
[WhiteElo "2124"]
[BlackElo "1935"]
[PlyCount "41"]
[EventDate "2012.03.06"]
[EventType "swiss"]
[EventRounds "7"]
[EventCountry "GRE"]
[SourceTitle "EXT 2014"]
[Source "ChessBase"]
[SourceDate "2013.11.20"]
[SourceVersion "1"]
[SourceVersionDate "2013.11.20"]
[SourceQuality "1"]

1. e4 g6 2. d4 Bg7 3. c4 c5 4. Nf3 cxd4 5. Nxd4 Nf6 6. Nc3 d6 7. Be2 Nc6 8. Be3 0-0 9. Qd2 Ng4 10. Bxg4 Bxg4 11. f3 Nxd4 12. Bxd4 Bxd4 13. Qxd4 Be6 14. b3 Qa5 15. Kf2 Rfc8 16. Rhd1 a6 17. a4 Qb4 18. Rab1 Rc5 19. Rd3 b5 20. Nd5 Bxd5 21. cxd5 1/2-1/2

[Event "Athens op 01-A"]
[Site "Athens"]
[Date "2012.02.21"]
[Round "7"]
[White "Koerant, Filipos"]
[Black "Zografos, Achileas"]
[Result "1/2-1/2"]
[WhiteElo "2024"]
[BlackElo "2144"]
[PlyCount "100"]
[EventDate "2012.01.10"]
[EventType "swiss"]
[EventRounds "7"]
[EventCountry "GRE"]
[SourceTitle "EXT 2014"]
[Source "ChessBase"]
[SourceDate "2013.11.20"]
[SourceVersion "1"]
[SourceVersionDate "2013.11.20"]
[SourceQuality "1"]

1. d4 d6 2. c4 e5 3. Nf3 e4 4. Ng5 f5 5. g3 Be7 6. Nh3 Nf6 7. Bg2 c6 8. d5 Na6 9. 0-0 c5 10. Nc3 Nc7 11. f3 exf3 12. exf3 0-0 13. Re1 Nh5 14. f4 g6 15. Bf3 Ng7 16. b3 Bf6 17. Bb2 Bd4+ 18. Kg2 Qf6 19. Qd2 Bd7 20. Nd1 Bxb2 21. Qxb2 b5 22. Qxf6 Rxf6 23. Nb2 h6 24. Nf2 Rff8 25. Re7 Rf7 26. Rae1 Kf8 27. R7e3 Re8 28. Nfd3 Rxe3 29. Rxe3 Re7 30. Rxe7 Kxe7 31. b4 bxc4 32. Nxc4 Bb5 33. Ncb2 Na6 34. bxc5 Nxc5 35. Nb4 Ne8 36. Kf2 Nc7 37. Ke3 a5 38. Nc6+ Bxc6 39. dxc6 d5 40. Kd4 Kd6 41. Nd1 Nb5+ 42. Ke3 Kxc6 43. Nb2 Kd6 44. Nd3 Nxd3 45. Kxd3 Kc5 46. Bd1 Na7 47. Ba4 Nc6 48. h4 Kd6 49. a3 Kc5 50. Bd1 h5 1/2-1/2

[Event "Athens Smaok op 11th"]
[Site "Athens"]
[Date "2011.05.31"]
[Round "4"]
[White "Tepelenis, Nikolaos"]
[Black "Zografos, Achileas"]
[Result "1/2-1/2"]
[WhiteElo "2172"]
[BlackElo "2150"]
[PlyCount "80"]
[EventDate "2011.05.10"]
[EventType "swiss"]
[EventRounds "7"]
[EventCountry "GRE"]
[SourceTitle "EXT 2024"]
[Source "ChessBase"]
[SourceDate "2023.10.10"]
[SourceVersion "1"]
[SourceVersionDate "2023.10.10"]
[SourceQuality "1"]

1. d4 Nf6 2. c4 c5 3. d5 e6 4. Nc3 exd5 5. cxd5 Bd6 6. e4 0-0 7. Bd3 Re8 8. f3 Bc7 9. Nge2 d6 10. 0-0 a6 11. a3 b5 12. b4 Bb6 13. Kh1 Nbd7 14. Be3 Bb7 15. Bg1 Rc8 16. Rc1 cxb4 17. axb4 Bxg1 18. Rxg1 Qb6 19. Qd2 Ne5 20. Nf4 Rc7 21. Nce2 Rec8 22. Rxc7 Rxc7 23. Rc1 h6 24. Rxc7 Qxc7 25. Nd4 Kh7 26. Be2 Bc8 27. Qc2 Qb6 28. Qc3 Bd7 29. Kg1 Kg8 30. Kf1 Kf8 31. Nd3 Nc4 32. Nc1 Ne5 33. Ncb3 Ne8 34. f4 Ng6 35. g3 Qc7 36. Qxc7 Nxc7 37. Na5 Ne7 38. f5 Nc8 39. Kf2 Ke7 40. Ke3 Nb6 1/2-1/2

[Event "Athens Smaok 1900+ op 6th"]
[Site "Athens"]
[Date "2010.05.28"]
[Round "3.2"]
[White "Zografos, Achileas"]
[Black "Zygouris, Hristos"]
[Result "1-0"]
[WhiteElo "2153"]
[BlackElo "2238"]
[PlyCount "79"]
[EventDate "2010.05.11"]
[EventType "swiss"]
[EventRounds "7"]
[EventCountry "GRE"]
[SourceTitle "EXT 2024"]
[Source "ChessBase"]
[SourceDate "2023.10.10"]
[SourceVersion "1"]
[SourceVersionDate "2023.10.10"]
[SourceQuality "1"]

1. e4 c5 2. c3 Nf6 3. e5 Nd5 4. d4 cxd4 5. Nf3 e6 6. cxd4 b6 7. a3 Be7 8. Bc4 Bb7 9. 0-0 0-0 10. Re1 d6 11. Nbd2 Nd7 12. exd6 Bxd6 13. Ne4 Be7 14. Bd3 N7f6 15. Ne5 Nxe4 16. Bxe4 Bf6 17. Qf3 Rc8 18. Qh3 g6 19. Bh6 Bg7 20. Rad1 Qe7 21. Bb1 Rfd8 22. Ng4 Bxh6 23. Qxh6 Qf8 24. Qg5 Qg7 25. Rd3 h5 26. Ne5 Qf6 27. Nxf7 Qxg5 28. Nxg5 Nf4 29. Rdd1 Rxd4 30. g3 Ne2+ 31. Kf1 Ba6 32. Kg2 Rg4 33. h4 e5 34. Ba2+ Kf8 35. Rd7 Ke8 36. Rxa7 Bc4 37. Bxc4 Nf4+ 38. Kh2 Rxc4 39. Rxe5+ Kd8 40. Nf7+ 1-0

[Event "Athens Smaok 1900+ op 6th"]
[Site "Athens"]
[Date "2010.05.11"]
[Round "1.11"]
[White "Zografos, Achileas"]
[Black "Delis, Georgios"]
[Result "1-0"]
[WhiteElo "2153"]
[BlackElo "1937"]
[PlyCount "126"]
[EventDate "2010.05.11"]
[EventType "swiss"]
[EventRounds "7"]
[EventCountry "GRE"]
[SourceTitle "EXT 2024"]
[Source "ChessBase"]
[SourceDate "2023.10.10"]
[SourceVersion "1"]
[SourceVersionDate "2023.10.10"]
[SourceQuality "1"]

1. Nf3 c5 2. c4 Nf6 3. Nc3 d5 4. cxd5 Nxd5 5. g3 Nc6 6. Bg2 e6 7. 0-0 Be7 8. d4 Nxc3 9. bxc3 0-0 10. e4 cxd4 11. cxd4 Bf6 12. Be3 Qa5 13. Qe2 b6 14. Rfd1 Bb7 15. Nd2 Qa4 16. Nb3 Rfd8 17. Rac1 Ba6 18. Qd2 Be7 19. Bf1 Ne5 20. Kg2 Bb7 21. f3 Bb4 22. Qe2 Nc6 23. Rc2 Rac8 24. Kf2 Na5 25. Qd3 Nxb3 26. axb3 Qa5 27. Rdc1 Qh5 28. h4 Rxc2+ 29. Rxc2 Bd6 30. Bg2 Qg6 31. f4 Bb8 32. Bf3 e5 33. f5 Qf6 34. Bg5 Qd6 35. Bxd8 Qxd8 36. Rd2 g6 37. dxe5 Qxd3 38. Rxd3 Bxe5 39. Rd8+ Kg7 40. Rd7 Bc8 41. Rd8 Bb7 42. g4 Bf6 43. Rd7 Bxh4+ 44. Kg2 Bc8 45. Rxa7 Bf6 46. Be2 gxf5 47. gxf5 Be5 48. Bc4 h5 49. Bxf7 Bb8 50. Ra8 Bb7 51. Rxb8 Bxe4+ 52. Kg3 Kxf7 53. Kf4 Bc2 54. Rb7+ Kf8 55. b4 h4 56. Rh7 b5 57. Ke5 Bb3 58. Rxh4 Kg7 59. Rd4 Kf7 60. Rd7+ Ke8 61. Rc7 Bd1 62. Kd6 Bh5 63. Rc5 Be2 1-0

[Event "Athens Smaok op 5th"]
[Site "Athens"]
[Date "2010.04.14"]
[Round "4.9"]
[White "Oikonomou, An"]
[Black "Zografos, Achileas"]
[Result "0-1"]
[WhiteElo "1917"]
[BlackElo "2152"]
[PlyCount "72"]
[EventDate "2010.03.16"]
[EventType "swiss"]
[EventRounds "7"]
[EventCountry "GRE"]
[SourceTitle "EXT 2024"]
[Source "ChessBase"]
[SourceDate "2023.10.10"]
[SourceVersion "1"]
[SourceVersionDate "2023.10.10"]
[SourceQuality "1"]

1. e4 g6 2. Nc3 c6 3. d4 d5 4. e5 Qb6 5. h3 Nh6 6. Nf3 Bg7 7. Be2 0-0 8. 0-0 f6 9. Na4 Qd8 10. Re1 Nf7 11. Bf4 fxe5 12. dxe5 e6 13. Nc5 b6 14. Nd3 c5 15. c3 Nc6 16. Bf1 Qc7 17. b4 Ne7 18. b5 a6 19. a4 axb5 20. axb5 Bd7 21. Nb2 c4 22. Qc2 Bxb5 23. Na4 Bd7 24. Be3 Ra6 25. Nxb6 Rxb6 26. Bxb6 Qxb6 27. Reb1 Qc7 28. Ra6 Nc6 29. Rab6 Nfxe5 30. Nxe5 Qxe5 31. Qa4 Qf5 32. f3 Bxc3 33. Rb7 Be8 34. Qa6 Qf4 35. Rb8 Qe3+ 36. Kh1 Nxb8 0-1

[Event "Athens Acropolis op-B 24th"]
[Site "Chalkida"]
[Date "2009.08.12"]
[Round "2"]
[White "Zografos, Achileas"]
[Black "Megalios, Konstantinos"]
[Result "0-1"]
[WhiteElo "2127"]
[BlackElo "1722"]
[PlyCount "54"]
[EventDate "2009.08.10"]
[EventType "swiss"]
[EventRounds "9"]
[EventCountry "GRE"]
[SourceTitle "CBM 132 Extra"]
[Source "ChessBase"]
[SourceDate "2009.11.03"]
[SourceVersion "1"]
[SourceVersionDate "2009.11.03"]
[SourceQuality "1"]

1. e4 c6 2. c4 d5 3. cxd5 cxd5 4. exd5 Qxd5 5. Nc3 Qd6 6. Nf3 Nf6 7. d4 Bd7 8. Ne5 e6 9. Bf4 Qb6 10. Nc4 Qd8 11. Nd6+ Bxd6 12. Bxd6 Qb6 13. Ba3 Nc6 14. Nb5 Ne4 15. Bd3 Nxd4 16. Nxd4 Qxd4 17. 0-0 0-0-0 18. Qe2 Bc6 19. Rfd1 Ng5 20. Rac1 Kb8 21. h4 Qxh4 22. Be7 Bxg2 23. f4 Nh3+ 24. Kh2 Qxe7 25. Qe5+ Qd6 26. Bc4 Qxe5 27. fxe5 Nf4 0-1

[Event "Pagrati 1800+ op"]
[Site "Pagrati"]
[Date "2009.05.15"]
[Round "2.1"]
[White "Zografos, Achileas"]
[Black "Kotrotsos, Vasilios"]
[Result "0-1"]
[WhiteElo "2117"]
[BlackElo "2351"]
[PlyCount "100"]
[EventDate "2009.05.08"]
[EventType "swiss"]
[EventRounds "7"]
[EventCountry "GRE"]
[SourceTitle "EXT 2024"]
[Source "ChessBase"]
[SourceDate "2023.10.10"]
[SourceVersion "1"]
[SourceVersionDate "2023.10.10"]
[SourceQuality "1"]

1. e4 d6 2. d4 Nf6 3. Nc3 g6 4. Be3 c6 5. Qd2 b5 6. f3 Nbd7 7. 0-0-0 b4 8. Nce2 Qa5 9. Kb1 Rb8 10. Nc1 Ba6 11. Nb3 Qa4 12. Bxa6 Qxa6 13. g4 h6 14. Ne2 Qb5 15. h4 Nb6 16. Qd3 Nc4 17. Bc1 Bg7 18. Ng3 h5 19. g5 Nd7 20. f4 a5 21. f5 a4 22. fxg6 fxg6 23. Nd2 Nxd2+ 24. Rxd2 Qxd3 25. Rxd3 0-0 26. Ne2 e5 27. Be3 Rf3 28. Kc1 b3 29. a3 bxc2 30. Kxc2 exd4 31. Bxd4 Rxd3 32. Kxd3 Bxd4 33. Nxd4 Ne5+ 34. Kc2 c5 35. Ne2 Rf8 36. Nc3 Rf2+ 37. Kb1 Nf3 38. Rd1 Nd2+ 39. Ka2 Kf7 40. Re1 Nf3 41. Re3 Nxh4 42. e5 dxe5 43. Rxe5 Rf5 44. Re4 Nf3 45. Nb5 Kg7 46. Nd6 Re5 47. Rxa4 Nxg5 48. Rf4 Re6 49. Nb7 Ne4 50. Nd8 Re8 0-1

[Event "Attica Cup Final"]
[Site "Athens"]
[Date "2008.03.09"]
[Round "2"]
[White "Zografos, Achileas"]
[Black "Stefanidi, Maria Anna"]
[Result "1/2-1/2"]
[WhiteElo "2179"]
[BlackElo "2312"]
[PlyCount "96"]
[EventDate "2008.03.08"]
[EventType "match"]
[EventRounds "2"]
[EventCountry "GRE"]
[SourceTitle "EXT 2011"]
[Source "ChessBase"]
[SourceDate "2010.11.26"]
[SourceVersion "1"]
[SourceVersionDate "2010.11.26"]
[SourceQuality "1"]

1. e4 c5 2. Nf3 e6 3. c3 Nf6 4. e5 Nd5 5. d4 cxd4 6. Bc4 Nc6 7. 0-0 Be7 8. cxd4 d6 9. Qe2 0-0 10. Qe4 Bd7 11. a3 Rc8 12. Bd3 f5 13. exf6 Nxf6 14. Qh4 Qe8 15. Nc3 d5 16. Ne5 Nxe5 17. dxe5 Nh5 18. Qh3 g6 19. Ne2 Bc5 20. Be3 Bxe3 21. Qxe3 Bb5 22. f4 Bxd3 23. Qxd3 Rc4 24. g3 Qc6 25. Rac1 Qb6+ 26. Kh1 Rfc8 27. b3 Rxc1 28. Rxc1 Rxc1+ 29. Nxc1 Qf2 30. Qe2 Qc5 31. Qb2 Ng7 32. Nd3 Qe3 33. Qc2 Nf5 34. Qc8+ Kg7 35. Nc5 Qe1+ 36. Kg2 Qe2+ 37. Kh3 Qf1+ 38. Kg4 Ne3+ 39. Kh4 Ng2+ 40. Kg4 Ne3+ 41. Kh4 Ng2+ 42. Kg4 Qe2+ 43. Kh3 Nxf4+ 44. gxf4 Qf3+ 45. Kh4 Qxf4+ 46. Kh3 Qf3+ 47. Kh4 Qf4+ 48. Kh3 Qf3+ 1/2-1/2

[Event "Ambelokipi op 80th"]
[Site "Athens"]
[Date "2007.09.27"]
[Round "6"]
[White "Zografos, Achileas"]
[Black "Ponirakis, Dimitrios"]
[Result "1-0"]
[WhiteElo "2201"]
[BlackElo "2091"]
[PlyCount "61"]
[EventDate "2007.09.08"]
[EventType "swiss"]
[EventRounds "7"]
[EventCountry "GRE"]
[SourceTitle "EXT 2008"]
[Source "ChessBase"]
[SourceDate "2007.11.25"]
[SourceVersion "1"]
[SourceVersionDate "2007.11.25"]
[SourceQuality "1"]

1. d4 d5 2. c4 e6 3. Nf3 Nf6 4. Nbd2 c5 5. cxd5 Nxd5 6. e4 Nf6 7. e5 Nd5 8. dxc5 Bxc5 9. Ne4 Be7 10. Be2 0-0 11. 0-0 h6 12. Bd2 b6 13. Qc1 Re8 14. Bb5 Bd7 15. Bd3 Bf8 16. a3 Nc6 17. Re1 Rc8 18. Qd1 Rc7 19. Qe2 Be7 20. Rad1 Qb8 21. Ng3 Bf8 22. Qe4 g6 23. h4 Nce7 24. h5 Nf5 25. hxg6 fxg6 26. Qg4 Kh7 27. Qh3 Nde7 28. Ne4 Bg7 29. g4 Nc6 30. gxf5 exf5 31. Nf6+ 1-0

[Event "Ambelokipi op 80th"]
[Site "Athens"]
[Date "2007.09.21"]
[Round "4"]
[White "Zografos, Achileas"]
[Black "Khetsuriani, Besarion"]
[Result "0-1"]
[WhiteElo "2201"]
[BlackElo "2367"]
[PlyCount "78"]
[EventDate "2007.09.08"]
[EventType "swiss"]
[EventRounds "7"]
[EventCountry "GRE"]
[SourceTitle "EXT 2008"]
[Source "ChessBase"]
[SourceDate "2007.11.25"]
[SourceVersion "1"]
[SourceVersionDate "2007.11.25"]
[SourceQuality "1"]

1. e4 d6 2. d4 g6 3. Nc3 Bg7 4. g3 Nf6 5. Bg2 0-0 6. Nge2 Nbd7 7. 0-0 c5 8. h3 Rb8 9. a4 b6 10. f4 cxd4 11. Nxd4 Bb7 12. Re1 Nc5 13. g4 d5 14. e5 Nfe4 15. Nxe4 Nxe4 16. Be3 a6 17. Bxe4 dxe4 18. Qe2 Qd7 19. b3 Qc7 20. Rad1 Qc3 21. Qf2 Rbd8 22. Rc1 Rd5 23. Ne2 Qc6 24. Ng3 f6 25. exf6 Rxf6 26. Rcd1 b5 27. Rxd5 Qxd5 28. axb5 axb5 29. Qe2 Rd6 30. Nh1 h5 31. Nf2 hxg4 32. hxg4 Qc6 33. Rd1 Kf7 34. g5 Rxd1+ 35. Qxd1 Qc3 36. Qd2 Qxd2 37. Bxd2 Bd4 38. Be1 Ke6 39. Kf1 Kf5 0-1

[Event "Athens Acropolis op"]
[Site "Athens"]
[Date "2007.08.20"]
[Round "7.38"]
[White "Zografos, Achileas"]
[Black "Kokolias, Konstantinos"]
[Result "1/2-1/2"]
[WhiteElo "2201"]
[BlackElo "2224"]
[PlyCount "120"]
[EventDate "2007.08.14"]
[EventType "swiss"]
[EventRounds "9"]
[EventCountry "GRE"]
[SourceTitle "CBM 119 Extra"]
[Source "ChessBase"]
[SourceDate "2007.09.04"]
[SourceVersion "1"]
[SourceVersionDate "2007.09.04"]
[SourceQuality "1"]

1. e4 e5 2. Nf3 Nc6 3. Bc4 Bc5 4. d3 Nf6 5. Bg5 d6 6. Nc3 h6 7. Bxf6 Qxf6 8. Nd5 Qd8 9. c3 Ne7 10. d4 Nxd5 11. dxc5 Nf4 12. g3 Nh3 13. Bb5+ Kf8 14. cxd6 cxd6 15. Qd2 Bg4 16. Qe3 Ke7 17. Be2 Qb6 18. Qxb6 axb6 19. Ng1 Be6 20. Nxh3 Bxh3 21. Bf3 h5 22. a3 h4 23. 0-0-0 Be6 24. Kc2 Rh6 25. Kd2 Bb3 26. Rde1 Rah8 27. Ke3 Ba4 28. Reg1 Bc6 29. gxh4 Rxh4 30. Rxg7 Rxh2 31. Rxh2 Rxh2 32. Rg5 Rh6 33. Rg3 Rf6 34. Rg5 Rf4 35. Rg4 Rxg4 36. Bxg4 d5 37. f3 Kf6 38. Bh5 Kg7 39. Bg4 Kg6 40. b4 Kg5 41. Bc8 b5 42. Bh3 Kh4 43. Bf1 Kg3 44. Be2 b6 45. Bd3 f6 46. Be2 Kg2 47. Bd3 d4+ 48. cxd4 exd4+ 49. Kxd4 Kxf3 50. e5 fxe5+ 51. Kxe5 Ke3 52. Bg6 Kd2 53. Kd6 Bf3 54. Kc7 Kc3 55. Kxb6 Be2 56. Be8 Kb3 57. Bxb5 Kxa3 58. Kc5 Bh5 59. Bd3 Be8 60. Bf5 Kb3 1/2-1/2

[Event "Athens Acropolis op"]
[Site "Athens"]
[Date "2007.08.16"]
[Round "3.38"]
[White "Sioris, Georgios"]
[Black "Zografos, Achileas"]
[Result "1/2-1/2"]
[WhiteElo "2229"]
[BlackElo "2201"]
[PlyCount "22"]
[EventDate "2007.08.14"]
[EventType "swiss"]
[EventRounds "9"]
[EventCountry "GRE"]
[SourceTitle "CBM 119 Extra"]
[Source "ChessBase"]
[SourceDate "2007.09.04"]
[SourceVersion "1"]
[SourceVersionDate "2007.09.04"]
[SourceQuality "1"]

1. Nf3 c5 2. g3 b6 3. Bg2 Bb7 4. 0-0 Nf6 5. c4 g6 6. Nc3 Bg7 7. Re1 d6 8. e4 Nbd7 9. d4 cxd4 10. Nxd4 Qc8 11. Bg5 0-0 1/2-1/2

[Event "Ambelokipi 2nd"]
[Site "Athens"]
[Date "2007.03.09"]
[Round "3"]
[White "Zografos, Achileas"]
[Black "Galanos, Dimitrios"]
[Result "1/2-1/2"]
[WhiteElo "2203"]
[BlackElo "2140"]
[PlyCount "95"]
[EventDate "2007.03.15"]
[EventType "tourn"]
[EventRounds "9"]
[EventCountry "GRE"]
[SourceTitle "EXT 2008"]
[Source "ChessBase"]
[SourceDate "2007.11.25"]
[SourceVersion "1"]
[SourceVersionDate "2007.11.25"]
[SourceQuality "1"]

1. Nf3 c5 2. e4 Nc6 3. c3 Nf6 4. e5 Nd5 5. d4 cxd4 6. Bc4 Nb6 7. Bb3 d6 8. exd6 Qxd6 9. 0-0 d3 10. Na3 a6 11. Ng5 e6 12. Be3 Na5 13. Nxf7 Kxf7 14. Qh5+ g6 15. Qxa5 Nd5 16. Bd4 b6 17. Nc4 bxa5 18. Nxd6+ Bxd6 19. Bxh8 Nf4 20. Bd4 Bb7 21. f3 Ne2+ 22. Kh1 Nxd4 23. cxd4 Bf4 24. Rfe1 Re8 25. d5 Bxd5 26. Bxd5 exd5 27. Rxe8 Kxe8 28. Rd1 d2 29. g3 Be3 30. f4 h5 31. Kg2 g5 32. fxg5 Bxg5 33. Kf3 Ke7 34. Ke2 Ke6 35. Kd3 Ke5 36. b3 a4 37. bxa4 a5 38. h3 Bh6 39. g4 hxg4 40. hxg4 Bg5 41. Rxd2 Bxd2 42. Kxd2 Kf4 43. Kd3 Kxg4 44. Kd4 Kf4 45. a3 Kf5 46. Kxd5 Kf6 47. Kd6 Kf7 48. Kd7 1/2-1/2